Statistiques concernant Dates historiques scientifiques

Cliquez ici pour prendre le quiz!

Statistiques générales

  • Ce quiz a été pris 30 fois
  • Le résultat moyen est 10 sur 29

Statistiques - réponses

ÉvénementDate/Période% Correct
Création de l'École Polytechnique1794
69%
Publication de L'origine des espèces de Darwin1859
46%
La mesure du cercle par Archimède
IIIe Siècle avant J.C.
46%
Première écriture sumérienne connue
IVe Millénaire avant J.C.
46%
Création de l'Académie des Sciences de Paris
1666
38%
L'Hospital publie le premier traité fondé sur les Infiniment Petits1696
38%
Première définition du mètre fondée sur la dimension de la Terre1791
38%
Connexion des deux premiers ordinateurs du réseau ARPANET1969
38%
Publication du système de chiffrement RSA dans un article1976
38%
Création des premières universités européennesDébut du XIIIe Siècle
38%
Parution de la Disme de Stevin1585
31%
Création des premiers journaux savants1665
31%
Méthode de classification et de nomenclature universelle pour le vivant par Linné1735
31%
Dépôt d'un brevet pour une machine à vapeur par Watt1769
31%
Argand propose une représentation géométrique des quantités imaginaires1806
31%
Unification des programmes de baccalauréat pour les filles et les garçons1924
31%
Énoncé d'une axiomatique des probabilités par Kolmogorov1933
31%
Création du CNRS1939
31%
Création de l'INSEE1946
31%
L'école polytechnique devient mixte1972
31%
Première femme élue à l'Académie des Sciences1979
31%
Premiers congrès publics de cryptographie1981
31%
Parution du Lokavibbâga458
31%
Traces d'un traité de cryptographie d'Al-KalilVers le VIIIe Siècle
31%
Publication par Copernic : Des révolutions des orbes célestes1543
23%
Énoncé de la loi des Grands Nombres par Jean Bernouilli
1713
23%
Nouvelle méthode chimique par Lavoisier1789
23%
Câbles télégraphiques transatlantiques1858-1865
23%
Projet de machine analytique par BabbageVers 1840
23%

Distribution des résultats

Percentile par nombre de réponses

% des personnes avec chaque résultat

Votre développement - résultats

Vous n’avez pas pris ce quiz